One Of The Drunks - Panic! At The Disco - All Lyrics - Statistics

General Stats
  • This quiz has been taken 20 times
  • The average score is 294 of 358
Answer Stats
Answer % Correct
a
100%
and
100%
And
100%
become
100%
drunks
100%
feels
100%
I
100%
is
100%
it,
100%
it
100%
like
100%
of
100%
one
100%
the
100%
This
100%
what
100%
when
100%
you
100%
your
100%
to
90%
all
80%
club
80%
Every
80%
every
80%
Good
80%
good,
80%
good
80%
Welcome
80%
with
80%
you're
80%
as
70%
don't
70%
ends
70%
for
70%
friends,
70%
get
70%
guess
70%
high,
70%
high
70%
in
70%
it's
70%
new
70%
sun,
70%
time
70%
times,
70%
up,
70%
weekend
70%
'bout
60%
cup,
60%
juice,
60%
Night’s
60%
now
60%
numb
60%
Orange
60%
Round
60%
round
60%
screwdrivin'
60%
Searching
60%
searching
60%
Shake
60%
shake
60%
Share
60%
share
60%
tomorrow
60%
worry
60%
Damn
50%
day
50%
dive
50%
fun,
50%
Holy
50%
out
50%
pour
50%
remedy
50%
sorrows
50%
Spirit,
50%
started
50%
tipsy
50%
Wet
50%
wet
50%
whistle,
50%
young,
50%
Big
40%
Bourbon
40%
carton
40%
feeling
40%
Goose,
40%
Grey
40%
pistol
40%
sip
40%
'til
40%
Baptize,
30%
dancing
30%
demons
30%
grips
30%
half
30%
Never
30%
uncomfortably
30%
weekday
30%
crystals
20%
dry,
20%
ice
20%
thirsty
20%
abyss
10%
No matching quizzes found
Score Distribution
Percent of People with Each Score
Percentile by Number Answered
Your Score History
You have not taken this quiz